000 01304nam a22003977a 4500
999 _c64986
_d64986
005 20240530110801.0
008 190211s2018 ua a f b 000 0 ara d
017 _bمصر. دار الكتب
020 _a9789773085803
040 _aEG-CaGPL
_cEG-CaGPL
082 0 4 _221
_a920.71
_bا أ
100 0 _aالشيماء محمد العبسى
245 1 0 _aاشهر الصحفيين والادباء ورسامى الكراكتير /
_cالشيماء محمد العبسى
250 _aط.1
260 _aالقاهرة :
_c2018 .
300 _a132 ص. ؛
_c24 سم.
600 0 _aمحمد حسنين هيكل
600 0 _aعمرو الليثى
600 0 _aباسل محرز
600 0 _aمحمد عبدالله مخشف
600 0 _aجعفر عباس
600 0 _aزاهى وهبى
600 0 _aعدنان كنفانى
600 0 _aعبدالله الزايد
600 0 _aعبداللطيف الدعيج
600 0 _aسلطان سعود القاسمى
600 0 _aاحمد العرفج
600 0 _aاحمد رجب
600 0 _aجمال جرجس المزاحم
600 0 _aمحمد التابعى
600 0 _aانيس منصور
650 _2qrmak
651 _2qrmak
942 _2ddc
_cBK